[Event "NB I. Maroczy csoport"]
[Site "Szeged"]
[Date "2023.10.15"]
[Round "2.10"]
[White "Pap, Peter"]
[Black "Fodor, Miklos"]
[Result "1-0"]
[WhiteElo "2155"]
[BlackElo "2108"]
[PlyCount "83"]
[EventDate "2023.10.08"]
[EventType "team-tourn"]
[EventRounds "11"]
[EventCountry "HUN"]
[Source "chess.hu"]
[WhiteTeam "Maroczy SE I."]
[BlackTeam "Aquarena Kobanya  II"]
[WhiteTeamCountry "HUN"]
[BlackTeamCountry "HUN"]

1. e4 c5 2. Nf3 e6 3. d4 cxd4 4. Nxd4 Nc6 5. Nc3 a6 6. Be3 Nf6 7. Bd3 Qc7 8.
O-O b5 9. Re1 Be7 10. Nxc6 dxc6 11. e5 Qxe5 12. Bh6 Qd4 13. Bxg7 Rg8 14. Qf3
Bb7 15. Be4 Rxg7 16. Bxc6+ Kf8 17. Bxb7 Ra7 18. Rad1 Qb6 19. Be4 Ng4 20. Rd2
Ne5 21. Qf4 Bg5 22. Qxe5 Bxd2 23. Rd1 Bg5 24. Bc6 Qc7 25. Qe4 Qf4 26. Qd3 Be7
27. g3 h5 28. Bg2 Qe5 29. a4 b4 30. Ne4 h4 31. Qc4 f5 32. Nd2 Rd7 33. Kf1 Rg4
34. Qc6 Rd6 35. Qa8+ Kf7 36. Re1 Qxb2 37. Nf3 Bf6 38. Qb7+ Kg6 39. gxh4 Rc4 40.
h5+ Kh6 41. Qf7 Rg4 42. Qf8+ 1-0

[Event "NB I. Maroczy csoport"]
[Site "Szeged"]
[Date "2023.10.15"]
[Round "2.11"]
[White "Karacsonyi, Luca"]
[Black "Kelemen, David"]
[Result "0-1"]
[WhiteElo "1878"]
[BlackElo "2132"]
[PlyCount "46"]
[EventDate "2023.10.08"]
[EventType "team-tourn"]
[EventRounds "11"]
[EventCountry "HUN"]
[Source "chess.hu"]
[WhiteTeam "Aquarena Kobanya  II"]
[BlackTeam "Maroczy SE I."]
[WhiteTeamCountry "HUN"]
[BlackTeamCountry "HUN"]

1. e4 e5 2. Nf3 Nc6 3. Bc4 Nf6 4. d3 h6 5. c3 d6 6. Bb3 g5 7. Nbd2 g4 8. Ng1 h5
9. Ne2 Bh6 10. Nf1 h4 11. Bxh6 Rxh6 12. Ne3 Ne7 13. Qd2 Rg6 14. O-O-O Be6 15.
Qc2 c5 16. Kb1 Qc7 17. f4 gxf3 18. gxf3 O-O-O 19. f4 Bxb3 20. Qxb3 d5 21. fxe5
Qxe5 22. Qa3 Nd7 23. Ka1 dxe4 0-1

[Event "NB I. Maroczy csoport"]
[Site "Szeged"]
[Date "2023.10.15"]
[Round "2.12"]
[White "Markus, Molli Amina"]
[Black "Dobos, Daniel"]
[Result "1/2-1/2"]
[WhiteElo "1934"]
[BlackElo "1777"]
[PlyCount "91"]
[EventDate "2023.10.08"]
[EventType "team-tourn"]
[EventRounds "11"]
[EventCountry "HUN"]
[Source "chess.hu"]
[WhiteTeam "Maroczy SE I."]
[BlackTeam "Aquarena Kobanya  II"]
[WhiteTeamCountry "HUN"]
[BlackTeamCountry "HUN"]

1. Nf3 d6 2. d4 f5 3. g3 Nf6 4. Bg2 e6 5. O-O Be7 6. c4 O-O 7. Nc3 Ne4 8. Qc2
Nxc3 9. Qxc3 Bf6 10. Rd1 Qe7 11. Qc2 e5 12. dxe5 dxe5 13. a3 Nc6 14. e3 e4 15.
Nd4 Ne5 16. c5 c6 17. Rb1 Qf7 18. b4 Kh8 19. Qb3 Qh5 20. Bb2 Bd7 21. Rd2 Be8
22. Qd1 Qxd1+ 23. Rdxd1 Bh5 24. Rd2 Nc4 25. Rc2 Nxb2 26. Rbxb2 Bf7 27. Rd2 g6
28. Rb1 Rad8 29. Rbd1 Rd7 30. Ne2 Rxd2 31. Rxd2 Rd8 32. Rxd8+ Bxd8 33. Nd4 Bd5
34. f3 exf3 35. Bxf3 Bxf3 36. Nxf3 Bf6 37. Nd2 Kg8 38. Kf2 Kf7 39. Ke2 Ke6 40.
Kd3 Kd5 41. Nc4 Bd8 42. Nd2 b6 43. cxb6 axb6 44. e4+ fxe4+ 45. Nxe4 Be7 46.
Nc3+ 1/2-1/2

[Event "NB I. Maroczy csoport"]
[Site "Berente"]
[Date "2023.10.15"]
[Round "2.1"]
[White "Nomin-Erdene, Davaademberel"]
[Black "Manik, Mikulas"]
[Result "0-1"]
[WhiteElo "2364"]
[BlackElo "2332"]
[PlyCount "59"]
[EventDate "2023.10.08"]
[EventType "team-tourn"]
[EventRounds "11"]
[EventCountry "HUN"]
[Source "chess.hu"]
[WhiteTeam "DEAC-Debr.Sakkiskola"]
[BlackTeam "Pitypalatty Sakk SE"]
[WhiteTeamCountry "HUN"]
[BlackTeamCountry "HUN"]

1. e4 c5 2. Nf3 d6 3. d4 cxd4 4. Nxd4 Nf6 5. Nc3 g6 6. Be3 a6 7. f3 h5 8. Qd2
e5 9. Nb3 Be6 10. Bg5 Nbd7 11. Nd5 Bxd5 12. exd5 Rc8 13. Na5 Qc7 14. c4 Be7 15.
Be3 e4 16. Be2 exf3 17. gxf3 Ne5 18. b4 b6 19. Nc6 Nxc6 20. dxc6 Qxc6 21. Qd4
d5 22. cxd5 Qxd5 23. Bxa6 Qxf3 24. Bb5+ Kf8 25. Rf1 Qh3 26. Rc1 Kg7 27. Rxc8
Rxc8 28. Bg5 Qe6+ 29. Be2 Rc2 30. Rf2 0-1

[Event "NB I. Maroczy csoport"]
[Site "Berente"]
[Date "2023.10.15"]
[Round "2.2"]
[White "Papp, Tamas"]
[Black "Varadi, Viktor"]
[Result "1-0"]
[WhiteElo "2314"]
[BlackElo "2387"]
[PlyCount "99"]
[EventDate "2023.10.08"]
[EventType "team-tourn"]
[EventRounds "11"]
[EventCountry "HUN"]
[Source "chess.hu"]
[WhiteTeam "Pitypalatty Sakk SE"]
[BlackTeam "DEAC-Debr.Sakkiskola"]
[WhiteTeamCountry "HUN"]
[BlackTeamCountry "HUN"]

1. d4 Nf6 2. c4 e6 3. Nf3 d5 4. g3 Be7 5. Bg2 O-O 6. O-O dxc4 7. Qc2 a6 8. Qxc4
b5 9. Qc2 Bb7 10. Bd2 Be4 11. Qc1 c6 12. Be3 Nbd7 13. Nc3 Bg6 14. Rd1 Rc8 15.
Ne5 Nxe5 16. dxe5 Nd5 17. f4 Qc7 18. Bf2 Rfd8 19. Ne4 c5 20. a4 h5 21. axb5
axb5 22. Bf3 Bf8 23. Rd2 c4 24. Ra7 Qb8 25. Nd6 Bxd6 26. exd6 c3 27. bxc3 Nxc3
28. Rc7 b4 29. Rxc8 Qxc8 30. Kg2 Qa6 31. d7 Qb5 32. Qb2 Nd5 33. f5 Bxf5 34. e4
Bxe4 35. Bxe4 Rxd7 36. Bf3 h4 37. Qe5 Qc6 38. Rd4 Qd6 39. Qh5 hxg3 40. hxg3 g6
41. Qh6 Qf8 42. Qc1 Rc7 43. Qd2 b3 44. Qb2 Rc2 45. Qxb3 Qc5 46. Qd3 Kg7 47.
Bxd5 e5 48. Bxf7 Rxf2+ 49. Kxf2 Kxf7 50. Qc4+ 1-0

[Event "NB I. Maroczy csoport"]
[Site "Berente"]
[Date "2023.10.15"]
[Round "2.4"]
[White "Daroczi, Donat"]
[Black "Deak, Sandor"]
[Result "1/2-1/2"]
[WhiteElo "2105"]
[BlackElo "2256"]
[PlyCount "151"]
[EventDate "2023.10.08"]
[EventType "team-tourn"]
[EventRounds "11"]
[EventCountry "HUN"]
[Source "chess.hu"]
[WhiteTeam "Pitypalatty Sakk SE"]
[BlackTeam "DEAC-Debr.Sakkiskola"]
[WhiteTeamCountry "HUN"]
[BlackTeamCountry "HUN"]

1. e4 e5 2. Nf3 Nc6 3. Bb5 a6 4. Ba4 Nf6 5. Nc3 b5 6. Bb3 Bc5 7. O-O d6 8. Nd5
Nxe4 9. c3 Nxf2 10. Rxf2 Bxf2+ 11. Kxf2 O-O 12. d4 e4 13. Ng5 Na5 14. Qh5 Bf5
15. Bc2 c6 16. Ne3 Bg6 17. Qg4 f5 18. Qf4 Qe7 19. h4 h6 20. Nh3 Bh7 21. b3 Nb7
22. Bb2 Nd8 23. Ba3 Rf6 24. Kg1 Ne6 25. Qxd6 Qxd6 26. Bxd6 Nxd4 27. Be5 Nxc2
28. Nxc2 Re6 29. Bd4 Rf8 30. Nf4 Ree8 31. h5 Kf7 32. Nb4 e3 33. Nxc6 Re4 34.
Ne5+ Kg8 35. g3 Re8 36. Nfd3 b4 37. Re1 bxc3 38. Bxc3 Rc8 39. Nc4 g5 40. hxg6
Bxg6 41. Be5 Rcxc4 42. bxc4 Rxc4 43. Rxe3 Ra4 44. Re2 Bf7 45. Nc1 h5 46. Rf2
Re4 47. Bf4 Bc4 48. Rh2 Bf7 49. Rh4 Rc4 50. Kf1 Rc2 51. Ke1 Kh7 52. Kd1 Rg2 53.
a3 Kg6 54. Bd6 Bd5 55. Nd3 Bf3+ 56. Kc1 Kf6 57. Ra4 Bc6 58. Be5+ Kf7 59. Rxa6
Be4 60. Ra7+ Ke8 61. Nb4 Rh2 62. Rh7 Kf8 63. a4 Kg8 64. Rg7+ Kf8 65. Rh7 Kg8
66. Rh6 Bf3 67. a5 Re2 68. Bb8 Re4 69. Rb6 h4 70. gxh4 Rxh4 71. a6 Kf7 72. a7
Rc4+ 73. Kd2 Ba8 74. Ke3 Ke7 75. Be5 Rc5 76. Kd3 1/2-1/2

[Event "NB I. Maroczy csoport"]
[Site "Berente"]
[Date "2023.10.15"]
[Round "2.5"]
[White "Tran, David"]
[Black "Zambor, Norbert"]
[Result "1/2-1/2"]
[WhiteElo "2108"]
[BlackElo "2203"]
[PlyCount "20"]
[EventDate "2023.10.08"]
[EventType "team-tourn"]
[EventRounds "11"]
[EventCountry "HUN"]
[Source "chess.hu"]
[WhiteTeam "DEAC-Debr.Sakkiskola"]
[BlackTeam "Pitypalatty Sakk SE"]
[WhiteTeamCountry "HUN"]
[BlackTeamCountry "HUN"]

1. e4 c5 2. Nc3 Nc6 3. f4 e6 4. Nf3 Nge7 5. d3 d5 6. g4 g6 7. Bg2 Bg7 8. O-O h5
9. h3 hxg4 10. hxg4 b6 1/2-1/2

[Event "NB I. Maroczy csoport"]
[Site "Berente"]
[Date "2023.10.15"]
[Round "2.6"]
[White "Kovacs, Apollo"]
[Black "Dibusz, Domonkos"]
[Result "1-0"]
[WhiteElo "2167"]
[BlackElo "2085"]
[PlyCount "71"]
[EventDate "2023.10.08"]
[EventType "team-tourn"]
[EventRounds "11"]
[EventCountry "HUN"]
[Source "chess.hu"]
[WhiteTeam "Pitypalatty Sakk SE"]
[BlackTeam "DEAC-Debr.Sakkiskola"]
[WhiteTeamCountry "HUN"]
[BlackTeamCountry "HUN"]

1. d4 Nf6 2. Nf3 e6 3. Bf4 d5 4. e3 Bd6 5. Nbd2 b6 6. Ne5 Bb7 7. Bd3 a6 8. Bg3
c5 9. c3 Nc6 10. f4 Qc7 11. Qf3 O-O-O 12. O-O h5 13. Bh4 Rdf8 14. Rac1 Ne7 15.
a4 Kb8 16. Qe2 Ka7 17. b4 c4 18. Bc2 Bxe5 19. dxe5 Ng4 20. Nf3 Nh6 21. Bf2 Ng4
22. Bh4 Nh6 23. e4 dxe4 24. Bxe4 Bxe4 25. Qxe4 Nd5 26. Rfd1 Rc8 27. Bf2 Rhd8
28. a5 Kb8 29. axb6 Nxb6 30. Bc5 Qb7 31. Qe2 Nf5 32. Nd2 Nh4 33. Qf2 Nd5 34.
Qxh4 Ka8 35. Nxc4 Qc6 36. Nb6+ 1-0

[Event "NB I. Maroczy csoport"]
[Site "Berente"]
[Date "2023.10.15"]
[Round "2.7"]
[White "Bai, Attila"]
[Black "Eberth, Zoltan Bela"]
[Result "1-0"]
[WhiteElo "2142"]
[BlackElo "2000"]
[PlyCount "73"]
[EventDate "2023.10.08"]
[EventType "team-tourn"]
[EventRounds "11"]
[EventCountry "HUN"]
[Source "chess.hu"]
[WhiteTeam "DEAC-Debr.Sakkiskola"]
[BlackTeam "Pitypalatty Sakk SE"]
[WhiteTeamCountry "HUN"]
[BlackTeamCountry "HUN"]

1. d4 e6 2. Nf3 f5 3. Nc3 Nf6 4. Bf4 Be7 5. e3 b6 6. h4 Bb7 7. Be2 d6 8. Ng5
Qc8 9. Bb5+ c6 10. Bc4 d5 11. Bd3 h6 12. Nf3 O-O 13. Ne5 Qe8 14. g4 Ne4 15.
Bxe4 dxe4 16. g5 Nd7 17. gxh6 Nxe5 18. Bxe5 Qg6 19. hxg7 Rfd8 20. Qe2 c5 21.
O-O-O cxd4 22. h5 Qh6 23. Bxd4 Rac8 24. Be5 Bg5 25. Rxd8+ Rxd8 26. Rd1 Rc8 27.
Rd7 Bc6 28. Rd6 Be8 29. Qa6 Rc5 30. Bd4 Rc7 31. Nd5 Rxg7 32. Bxg7 Qxg7 33. Qc8
Qf8 34. Rxe6 Bf7 35. Nf6+ Bxf6 36. Qxf8+ Kxf8 37. Rxf6 1-0

[Event "NB I. Maroczy csoport"]
[Site "Berente"]
[Date "2023.10.15"]
[Round "2.8"]
[White "Paal, Andras"]
[Black "Mate, Balazs"]
[Result "0-1"]
[WhiteElo "2002"]
[BlackElo "2026"]
[PlyCount "128"]
[EventDate "2023.10.08"]
[EventType "team-tourn"]
[EventRounds "11"]
[EventCountry "HUN"]
[Source "chess.hu"]
[WhiteTeam "Pitypalatty Sakk SE"]
[BlackTeam "DEAC-Debr.Sakkiskola"]
[WhiteTeamCountry "HUN"]
[BlackTeamCountry "HUN"]

1. e4 c5 2. Nf3 Nc6 3. d4 cxd4 4. Nxd4 Nf6 5. Nc3 g6 6. Be3 Bg7 7. f3 O-O 8.
Nb3 d6 9. Qd2 Be6 10. O-O-O Re8 11. Kb1 a6 12. h4 b5 13. h5 Ne5 14. Nd5 Bxd5
15. exd5 Nc4 16. Bxc4 bxc4 17. Nd4 c3 18. Qxc3 Nxd5 19. Qb3 Nxe3 20. hxg6 hxg6
21. Qxe3 Qb6 22. c3 Rab8 23. Qd2 Rec8 24. Rh4 Rc4 25. Re4 e6 26. Nb3 d5 27.
Rxc4 dxc4 28. Nd4 Rd8 29. Qe2 Bxd4 30. cxd4 Rxd4 31. Rc1 Qc5 32. Qe3 Qd5 33.
Qc3 e5 34. a3 Rd1 35. Rxd1 Qxd1+ 36. Ka2 Qd5 37. Kb1 e4 38. fxe4 Qxe4+ 39. Ka2
Qd5 40. g3 Kh7 41. Kb1 g5 42. Qf6 Qd3+ 43. Kc1 Qg6 44. Qd4 Qe6 45. g4 Kg6 46.
Kd2 f5 47. gxf5+ Kxf5 48. Qf2+ Kg6 49. Qg2 g4 50. Kc3 Kf6 51. Kd4 Kg5 52. Qd2+
Kg6 53. Qg2 Kf6 54. Qf2+ Ke7 55. Qg2 Kf6 56. Qf2+ Kg6 57. Qg2 Kf6 58. Qf2+ Ke7
59. Qg2 Kd6 60. Qg3+ Kc6 61. Qg2+ Kb6 62. Qg3 Kb5 63. Qg2 Qf6+ 64. Ke4 Qc6+ 0-1

[Event "NB I. Maroczy csoport"]
[Site "Berente"]
[Date "2023.10.15"]
[Round "2.9"]
[White "Kiss, Gergely Dr"]
[Black "Mizik, Tamas dr"]
[Result "1-0"]
[WhiteElo "2072"]
[BlackElo "2007"]
[PlyCount "149"]
[EventDate "2023.10.08"]
[EventType "team-tourn"]
[EventRounds "11"]
[EventCountry "HUN"]
[Source "chess.hu"]
[WhiteTeam "DEAC-Debr.Sakkiskola"]
[BlackTeam "Pitypalatty Sakk SE"]
[WhiteTeamCountry "HUN"]
[BlackTeamCountry "HUN"]

1. d4 Nf6 2. c4 e6 3. Nc3 Bb4 4. f3 d5 5. a3 Bxc3+ 6. bxc3 c5 7. dxc5 Qa5 8.
cxd5 exd5 9. Bg5 Qxc3+ 10. Bd2 Qe5 11. Rb1 Nc6 12. g3 O-O 13. Nh3 Re8 14. Nf4
Bf5 15. Rc1 Nd4 16. Kf2 g5 17. Ng2 Ne6 18. g4 Bg6 19. e3 d4 20. Bb5 dxe3+ 21.
Bxe3 Red8 22. Qe2 Nd4 23. Qb2 h6 24. Bxd4 Qxd4+ 25. Qxd4 Rxd4 26. Rhd1 Rad8 27.
Rxd4 Rxd4 28. Ke3 Rd8 29. a4 a6 30. Bc4 Kf8 31. c6 bxc6 32. Bxa6 Nd5+ 33. Kf2
Nb4 34. Bc4 Rd2+ 35. Kg3 f5 36. gxf5 Bxf5 37. Ne3 Bg6 38. a5 Bf7 39. a6 Rd7 40.
Bxf7 Rxf7 41. Rc4 Nd3 42. Rxc6 Rxf3+ 43. Kxf3 Ne5+ 44. Ke4 Nxc6 45. Nf5 h5 46.
Nd4 Na7 47. Ne6+ Kf7 48. Nxg5+ Kg6 49. h4 Nc6 50. Nh3 Kh6 51. Nf4 Na7 52. Kd5
Nb5 53. Kc5 Na7 54. Kb6 Nc8+ 55. Kc7 Na7 56. Kb7 Nb5 57. a7 Nxa7 58. Kxa7 Kg7
59. Nxh5+ Kg6 60. Nf4+ Kf5 61. h5 Kg5 62. Kb7 Kh6 63. Kc6 Kg5 64. Kd6 Kh6 65.
Ke6 Kg7 66. Kf5 Kh6 67. Kf6 Kh7 68. Kg5 Kg7 69. Ne2 Kh7 70. Ng3 Kg7 71. Nf5+
Kh7 72. Kf6 Kh8 73. Nd6 Kh7 74. Nf7 Kg8 75. Kg6 1-0

[Event "NB I. Maroczy csoport"]
[Site "Berente"]
[Date "2023.10.15"]
[Round "2.10"]
[White "Farkas, Csaba"]
[Black "Davaademberel, Purevdorj"]
[Result "0-1"]
[WhiteElo "1933"]
[BlackElo "1880"]
[PlyCount "54"]
[EventDate "2023.10.08"]
[EventType "team-tourn"]
[EventRounds "11"]
[EventCountry "HUN"]
[Source "chess.hu"]
[WhiteTeam "Pitypalatty Sakk SE"]
[BlackTeam "DEAC-Debr.Sakkiskola"]
[WhiteTeamCountry "HUN"]
[BlackTeamCountry "HUN"]

1. d4 d5 2. c4 c6 3. cxd5 cxd5 4. Nc3 Nf6 5. Bf4 a6 6. e3 e6 7. Bd3 Bd6 8. Bxd6
Qxd6 9. Nf3 O-O 10. Ne5 Nc6 11. f4 Nd7 12. O-O Qe7 13. Rf3 Ncxe5 14. fxe5 f5
15. exf6 Rxf6 16. Rxf6 Nxf6 17. Qe2 e5 18. dxe5 Qxe5 19. Re1 Bg4 20. Qf2 Re8
21. e4 b5 22. Qb6 Bc8 23. Kh1 Ng4 24. g3 d4 25. Nd1 Qh5 26. Re2 Nxh2 27. Qxd4
Nf3+ 0-1

[Event "NB I. Maroczy csoport"]
[Site "Berente"]
[Date "2023.10.15"]
[Round "2.11"]
[White "Nandin-Erdene, Davaademberel"]
[Black "Hatala, Csaba Laszlo"]
[Result "1/2-1/2"]
[WhiteElo "1836"]
[BlackElo "1935"]
[PlyCount "50"]
[EventDate "2023.10.08"]
[EventType "team-tourn"]
[EventRounds "11"]
[EventCountry "HUN"]
[Source "chess.hu"]
[WhiteTeam "DEAC-Debr.Sakkiskola"]
[BlackTeam "Pitypalatty Sakk SE"]
[WhiteTeamCountry "HUN"]
[BlackTeamCountry "HUN"]

1. e4 c5 2. Nf3 Nc6 3. d4 cxd4 4. Nxd4 g6 5. c4 Bg7 6. Be3 Nf6 7. Nc3 O-O 8.
Be2 d6 9. O-O h5 10. f3 Qb6 11. Rb1 Ng4 12. fxg4 Bxd4 13. Bf2 Bxg4 14. Bxg4
hxg4 15. Qxg4 Ne5 16. Qe2 Bxf2+ 17. Rxf2 Qd4 18. Rd1 Qxc4 19. Nd5 e6 20. Nf6+
Kg7 21. Qd2 Rac8 22. Qxd6 Rfd8 23. Ne8+ Kh7 24. Nf6+ Kh6 25. Ng8+ Kh7 1/2-1/2

[Event "NB I. Maroczy csoport"]
[Site "Berente"]
[Date "2023.10.15"]
[Round "2.12"]
[White "Kacsandi, Lili Fruzsina"]
[Black "Pocsik, Gergo"]
[Result "1/2-1/2"]
[WhiteElo "1785"]
[BlackElo "1795"]
[PlyCount "91"]
[EventDate "2023.10.08"]
[EventType "team-tourn"]
[EventRounds "11"]
[EventCountry "HUN"]
[Source "chess.hu"]
[WhiteTeam "Pitypalatty Sakk SE"]
[BlackTeam "DEAC-Debr.Sakkiskola"]
[WhiteTeamCountry "HUN"]
[BlackTeamCountry "HUN"]

1. e4 c5 2. Nc3 g6 3. g3 Bg7 4. Bg2 Nc6 5. d3 Nf6 6. h3 O-O 7. Be3 b6 8. Qd2 e6
9. g4 d5 10. Bg5 Ne7 11. Qf4 Ne8 12. exd5 f6 13. d6 fxg5 14. dxe7 Qxe7 15.
Qxf8+ Kxf8 16. Bxa8 Bb7 17. Bxb7 Qxb7 18. f3 b5 19. Rb1 b4 20. Ne4 Qd5 21. b3
Nd6 22. Ne2 a5 23. O-O Nb5 24. Rbd1 Na3 25. Rd2 Bd4+ 26. Nxd4 Qxd4+ 27. Rff2 h6
28. Kg2 Nb5 29. f4 gxf4 30. Rxf4+ Kg7 31. Rdf2 Nd6 32. Nxd6 Qxd6 33. Rf7+ Kg8
34. R2f4 e5 35. R7f6 Qd5+ 36. Re4 Kg7 37. Ra6 Qd8 38. Rxe5 Qd4 39. Rae6 Qb2 40.
Rxc5 Qc1 41. Rc7+ Kf8 42. Rf6+ Ke8 43. Rff7 h5 44. Rce7+ Kd8 45. Re5 hxg4 46.
hxg4 1/2-1/2

[Event "NB I. Maroczy csoport"]
[Site "Budapest"]
[Date "2023.10.15"]
[Round "2.1"]
[White "Berebora, Ferenc"]
[Black "Furedi, Erik"]
[Result "1/2-1/2"]
[WhiteElo "2406"]
[BlackElo "2271"]
[PlyCount "45"]
[EventDate "2023.10.08"]
[EventType "team-tourn"]
[EventRounds "11"]
[EventCountry "HUN"]
[Source "chess.hu"]
[WhiteTeam "Kumania-Kisujszallas"]
[BlackTeam "Vasas SC"]
[WhiteTeamCountry "HUN"]
[BlackTeamCountry "HUN"]

1. Nf3 f5 2. g3 Nf6 3. Bg2 d6 4. d4 g6 5. b4 Bg7 6. Bb2 c6 7. Nbd2 O-O 8. O-O
a5 9. bxa5 Qxa5 10. c4 Nbd7 11. Qb3 Kh8 12. Bc3 Qc7 13. e4 Nxe4 14. Nxe4 fxe4
15. Ng5 Nb6 16. Rab1 Ra6 17. Nxe4 Nxc4 18. Qxc4 d5 19. Qb3 dxe4 20. Bxe4 Qd6
21. d5 Qa3 22. Bxg7+ Kxg7 23. dxc6 1/2-1/2

[Event "NB I. Maroczy csoport"]
[Site "Budapest"]
[Date "2023.10.15"]
[Round "2.2"]
[White "Torok, Sandor"]
[Black "Grunberg, Mihai-Lucian"]
[Result "0-1"]
[WhiteElo "2196"]
[BlackElo "2401"]
[PlyCount "94"]
[EventDate "2023.10.08"]
[EventType "team-tourn"]
[EventRounds "11"]
[EventCountry "HUN"]
[Source "chess.hu"]
[WhiteTeam "Vasas SC"]
[BlackTeam "Kumania-Kisujszallas"]
[WhiteTeamCountry "HUN"]
[BlackTeamCountry "HUN"]

1. e4 Nf6 2. e5 Nd5 3. d4 d6 4. c4 Nb6 5. exd6 cxd6 6. Nc3 g6 7. Be3 Bg7 8. Rc1
O-O 9. b3 e5 10. dxe5 dxe5 11. Qxd8 Rxd8 12. c5 N6d7 13. Nf3 Nc6 14. Ne4 h6 15.
Bc4 Nf8 16. Nd6 Rd7 17. O-O Re7 18. Nxc8 Rxc8 19. Rfd1 Ne6 20. Bxe6 Rxe6 21.
Rd7 Re7 22. Rxe7 Nxe7 23. Rd1 Nf5 24. Rd5 Bf8 25. Nxe5 Nxe3 26. fxe3 Rxc5 27.
Rxc5 Bxc5 28. Kf2 Kg7 29. h3 Bd6 30. Nf3 f5 31. Ke2 Kf6 32. Kd3 h5 33. e4 Bc5
34. a4 Bf2 35. h4 a5 36. e5+ Ke6 37. Kc4 Bb6 38. Kb5 Bc7 39. b4 axb4 40. Kxb4
Bxe5 41. Kc5 Bc7 42. Ng5+ Ke5 43. Nf7+ Kf4 44. Nh8 Kg3 45. Nxg6 Kxg2 46. Ne7 f4
47. Nd5 f3 0-1

[Event "NB I. Maroczy csoport"]
[Site "Budapest"]
[Date "2023.10.15"]
[Round "2.3"]
[White "Balla, Tamas-Kristof"]
[Black "Karacsony, Attila"]
[Result "1-0"]
[WhiteElo "2308"]
[BlackElo "2191"]
[PlyCount "75"]
[EventDate "2023.10.08"]
[EventType "team-tourn"]
[EventRounds "11"]
[EventCountry "HUN"]
[Source "chess.hu"]
[WhiteTeam "Kumania-Kisujszallas"]
[BlackTeam "Vasas SC"]
[WhiteTeamCountry "HUN"]
[BlackTeamCountry "HUN"]

1. d4 f5 2. Nc3 Nf6 3. Bg5 d5 4. Bxf6 exf6 5. e3 Be6 6. Bd3 Qd7 7. Qf3 Nc6 8.
a3 g6 9. Nge2 Bf7 10. h3 h5 11. O-O-O O-O-O 12. g4 Be6 13. gxf5 Bxf5 14. Bxf5
Qxf5 15. Qxf5+ gxf5 16. Rhg1 Ne7 17. Nf4 Bh6 18. Nce2 Bxf4 19. Nxf4 Rh7 20. Rg2
Kd7 21. Rdg1 c6 22. Rg7 Rdh8 23. Kd2 Rxg7 24. Rxg7 Rh6 25. b3 b5 26. c4 bxc4
27. bxc4 dxc4 28. Kc3 Kd6 29. Kxc4 a5 30. h4 Nc8 31. Ng6 Nb6+ 32. Kd3 Nd5 33.
Kc4 Nc7 34. Nf8 c5 35. d5 Na8 36. Rd7+ Ke5 37. Re7+ Kd6 38. Re6+ 1-0

[Event "NB I. Maroczy csoport"]
[Site "Budapest"]
[Date "2023.10.15"]
[Round "2.4"]
[White "Jacso, Adam Dr"]
[Black "Meszaros, Gyula"]
[Result "1/2-1/2"]
[WhiteElo "2188"]
[BlackElo "2293"]
[PlyCount "36"]
[EventDate "2023.10.08"]
[EventType "team-tourn"]
[EventRounds "11"]
[EventCountry "HUN"]
[Source "chess.hu"]
[WhiteTeam "Vasas SC"]
[BlackTeam "Kumania-Kisujszallas"]
[WhiteTeamCountry "HUN"]
[BlackTeamCountry "HUN"]

1. d4 Nf6 2. c4 Nc6 3. Nf3 e6 4. Nc3 Bb4 5. Qc2 O-O 6. Bg5 h6 7. Bd2 d6 8. a3
Bxc3 9. Bxc3 Qe7 10. e4 e5 11. d5 Nb8 12. Be2 a5 13. b4 axb4 14. axb4 Rxa1+ 15.
Bxa1 Nh5 16. g3 Bh3 17. Nh4 Nf6 18. Bf1 Bd7 1/2-1/2

[Event "NB I. Maroczy csoport"]
[Site "Budapest"]
[Date "2023.10.15"]
[Round "2.5"]
[White "Egyed, Gabor"]
[Black "Boguszlavszkij, Jevgenyij"]
[Result "1-0"]
[WhiteElo "2156"]
[BlackElo "2097"]
[PlyCount "147"]
[EventDate "2023.10.08"]
[EventType "team-tourn"]
[EventRounds "11"]
[EventCountry "HUN"]
[Source "chess.hu"]
[WhiteTeam "Kumania-Kisujszallas"]
[BlackTeam "Vasas SC"]
[WhiteTeamCountry "HUN"]
[BlackTeamCountry "HUN"]

1. e4 c6 2. d4 d5 3. e5 g6 4. h3 Bg7 5. c3 Nh6 6. Nf3 f6 7. Bd3 Nf7 8. exf6
exf6 9. O-O O-O 10. Bf4 Nd7 11. Re1 Re8 12. Rxe8+ Qxe8 13. Nbd2 Nf8 14. Qc2 Ne6
15. Re1 Qf8 16. Bh2 Bd7 17. h4 Bh6 18. h5 f5 19. hxg6 hxg6 20. Ne5 Nxe5 21.
Bxe5 Re8 22. Nf3 Ng5 23. Nxg5 Bxg5 24. g3 Bf6 25. f4 Bxe5 26. fxe5 Qh6 27. Qc1
Qxc1 28. Rxc1 Kf7 29. Kg2 Rh8 30. Rf1 Kg7 31. b4 Be6 32. a4 a6 33. Rb1 Bd7 34.
c4 dxc4 35. Bxc4 Re8 36. Kf3 Be6 37. Bxe6 Rxe6 38. Kf4 Re7 39. b5 axb5 40. axb5
Rd7 41. Ke3 g5 42. bxc6 bxc6 43. Rc1 f4+ 44. gxf4 gxf4+ 45. Ke4 Rc7 46. Kxf4
Kf7 47. Kf5 Ke8 48. e6 Ke7 49. Ke5 Rc8 50. d5 Rh8 51. d6+ Kd8 52. Rxc6 Rh5+ 53.
Kf6 Rh6+ 54. Kf5 Rh5+ 55. Kg6 Rh1 56. e7+ Kd7 57. Rc7+ Kxd6 58. e8=Q Rg1+ 59.
Kf5 Rf1+ 60. Kg5 Kxc7 61. Qe5+ Kd8 62. Qb8+ Ke7 63. Qc7+ Kf8 64. Qd8+ Kg7 65.
Qd4+ Kf8 66. Qc5+ Kg7 67. Qc3+ Kf8 68. Kg6 Rg1+ 69. Kf6 Rf1+ 70. Ke6 Kg8 71.
Qg3+ Kf8 72. Qh3 Re1+ 73. Kf6 Kg8 74. Qg3+ 1-0

[Event "NB I. Maroczy csoport"]
[Site "Budapest"]
[Date "2023.10.15"]
[Round "2.6"]
[White "Horvath, Julia"]
[Black "Nagy, Attila N"]
[Result "0-1"]
[WhiteElo "2152"]
[BlackElo "2164"]
[PlyCount "102"]
[EventDate "2023.10.08"]
[EventType "team-tourn"]
[EventRounds "11"]
[EventCountry "HUN"]
[Source "chess.hu"]
[WhiteTeam "Vasas SC"]
[BlackTeam "Kumania-Kisujszallas"]
[WhiteTeamCountry "HUN"]
[BlackTeamCountry "HUN"]

1. d4 Nf6 2. c4 c5 3. d5 b5 4. Qc2 d6 5. e4 bxc4 6. Bxc4 g6 7. Nf3 Bg7 8. O-O
O-O 9. Nc3 Ba6 10. Bxa6 Nxa6 11. Qe2 Nc7 12. Nd2 e6 13. dxe6 Nxe6 14. Nc4 Nd4
15. Qd3 d5 16. exd5 Nxd5 17. Nxd5 Qxd5 18. Kh1 Rad8 19. Rb1 Qe6 20. b3 Nc6 21.
Qe3 Qf5 22. Bb2 Rfe8 23. Qg3 Re2 24. Ne3 Qe6 25. Bxg7 Kxg7 26. a3 Qe5 27. Qxe5+
Nxe5 28. Kg1 Rdd2 29. Rbc1 Nd3 30. Rc3 Nxf2 31. Nc4 Ne4 32. Nxd2 Nxc3 33. Rc1
Nd5 34. Nc4 Nf4 35. Rd1 Rxg2+ 36. Kf1 Rxh2 37. Rd7 Ne6 38. Rxa7 h5 39. a4 h4
40. a5 h3 41. Ne5 Ng5 42. a6 Rb2 43. Kg1 Kf6 44. Ng4+ Kf5 45. Nh2 Rxb3 46. Rc7
Rb1+ 47. Kf2 Ne4+ 48. Ke3 Rb3+ 49. Ke2 Rb2+ 50. Kd3 Rxh2 51. Rxf7+ Nf6 0-1

[Event "NB I. Maroczy csoport"]
[Site "Budapest"]
[Date "2023.10.15"]
[Round "2.7"]
[White "Pletl, Akos"]
[Black "Havasi, Janos"]
[Result "1-0"]
[WhiteElo "2155"]
[BlackElo "2003"]
[PlyCount "73"]
[EventDate "2023.10.08"]
[EventType "team-tourn"]
[EventRounds "11"]
[EventCountry "HUN"]
[Source "chess.hu"]
[WhiteTeam "Kumania-Kisujszallas"]
[BlackTeam "Vasas SC"]
[WhiteTeamCountry "HUN"]
[BlackTeamCountry "HUN"]

1. d4 Nf6 2. c4 g6 3. Nc3 Bg7 4. e4 d6 5. h3 O-O 6. Nge2 Na6 7. g4 c5 8. d5 Nc7
9. Ng3 a6 10. a4 Rb8 11. a5 b5 12. axb6 Rxb6 13. Be2 Nfe8 14. Qc2 e6 15. Be3
exd5 16. exd5 Bd7 17. Qd2 Qe7 18. O-O f6 19. Rfe1 Qf7 20. Bd3 f5 21. gxf5 gxf5
22. Bg5 Be5 23. f4 Bd4+ 24. Kh2 Qg7 25. Re7 Rf7 26. Rae1 Nf6 27. Rxf7 Qxf7 28.
Bxf5 Nce8 29. Re2 Ng7 30. Bxd7 Qxd7 31. Qe1 Rb8 32. Bh6 Re8 33. Bxg7 Rxe2+ 34.
Ncxe2 Qxg7 35. Nxd4 cxd4 36. Nf5 Qd7 37. Nxd4 1-0